000 00733nam a2200241Ia 4500
003 GCL
008 140319s9999 xx 000 0 ara d
040 _aGCL /
_cGCL
082 0 4 _a245.1
_bح م
100 1 _aحسين احمد عطوان
245 1 0 _aالمرجئة والجهمية بخراسان فى العصر الاموى /
_cحسين احمد عطوان
260 _a[S.N] :
_bدار الجيل ،
_c1993
300 _a93 ص
490 _a
650 0 4 _aالفلسفة الاسلامية
650 0 4 _aالفرق الاسلامية
650 0 4 _aخراسان
650 0 4 _aعلم الكلام
650 0 4 _aالدول الاموية
650 0 4 _aالجهمية
650 0 4 _aالمرجئة
942 _2ddc
_cBK
999 _c35945
_d35945